Music Quiz

Random Music or Song Quiz
Score 0/25 Timer 07:00
6 Plays Today
% Correct
November Rain
87.9%
Ironic
86.8%
Angel
86.6%
Strawberry Wine
84.4%
All The Small Things
81.4%
Torn
80.2%
Pretty Fly (For A White Guy)
75.8%
Closing Time
73.5%
Come As You Are
73.1%
Crazy
71.7%
Everybody Hurts
66.2%
It Ain't Over Til It's Over
64.6%
Slide
63.8%
% Correct
My Heart Will Go On
63.7%
This Is How We Do It
63.2%
Killing in the Name
63%
Always Be My Baby
62.9%
California Love
59.3%
Mo Money Mo Problems
57.2%
Bullet With Butterfly Wings
56.7%
Last Kiss
56.4%
What I Got
56.2%
Everlong
47.5%
Sober
38%
This Is Shangri La
25.9%

You're not logged in!

Compare scores with friends on all Sporcle quizzes.
OR
Log In

Sporcle TV

Today on Sporcle TV


Watch our educational content, quiz creation guides, and fun videos on Sporcle TV.

Show Comments

Extras

Top Quizzes Today


Score Distribution

Paid Content

Your Account Isn't Verified!

In order to create a playlist on Sporcle, you need to verify the email address you used during registration. Go to your Sporcle Settings to finish the process.

Report this User

Report this user for behavior that violates our Community Guidelines.

Details: